White heat [Large Print]/ Brenda Novak.
Available copies
- 1 of 1 copy available at LARL/NWRL Consortium.
- 1 of 1 copy available at Lake Agassiz Regional Library. (Show preferred library)
Current holds
0 current holds with 1 total copy.
Show Only Available Copies
| Location | Call Number / Copy Notes | Barcode | Shelving Location | Status | Due Date |
|---|---|---|---|---|---|
| Breckenridge Public Library | LARGE PRINT NOV (Text) | 33500011141793 | Main | Available | - |
Record details
- ISBN: 9781410429421
- ISBN: 1410429423
- Physical Description: 583 p. (large print) ; 23 cm.
- Edition: Large print ed.
- Publisher: Waterville, Me. : Thorndike Press, 2010.
Content descriptions
| General Note: | Originally published: Don Mills, Ont. : Mira, 2010. |
| Summary, etc.: | A dangerous cult has recently taken over the ... Read More |
Search for related items by subject
| Subject: | Arizona > Fiction. Cults > Fiction. Undercover operations > Fiction. Large type books. |
| Genre: | Romantic suspense fiction. |
| LDR | 01696cam a22003618a 4500 | ||
|---|---|---|---|
| 001 | 123075 | ||
| 003 | LARL_NWRL_CONSORTIUM | ||
| 005 | 20100929105510.0 | ||
| 008 | 100607r20102010meu d 000 1 eng | ||
| 010 | . | ‡a2010023143 | |
| 020 | . | ‡a9781410429421 | |
| 020 | . | ‡a1410429423 | |
| 035 | . | ‡a(OCoLC)640510982 | |
| 040 | . | ‡aDLC ‡cDLC ‡dIUK | |
| 050 | 1 | 0. | ‡aPS3614.O926 ‡bW47 2010 |
| 082 | 0 | 0. | ‡a813/.6 ‡222 |
| 100 | 1 | . | ‡aNovak, Brenda. ‡0(LARL_NWRL_CONSORTIUM)136312 |
| 245 | 1 | 0. | ‡aWhite heat ‡h[Large Print]/ ‡cBrenda Novak. |
| 250 | . | ‡aLarge print ed. | |
| 260 | . | ‡aWaterville, Me. : ‡bThorndike Press, ‡c2010. | |
| 300 | . | ‡a583 p. (large print) ; ‡c23 cm. | |
| 500 | . | ‡aOriginally published: Don Mills, Ont. : Mira, 2010. | |
| 520 | . | ‡aA dangerous cult has recently taken over the desert ghost town of Paradise, Arizona. Members worship at the feet--and in the bed--of its charismatic leader, Ethan Wycliff, and obey his orders blindly. They've already tried to murder one woman and they're implicated in the disappearance of another. Nate Ferrentino, who works for private security contractor Department 6, has been assigned to infiltrate this group. It's a challenge he welcomes--until he learns that colleague Rachel Jessop will be going undercover with him. | |
| 651 | 0. | ‡aArizona ‡vFiction. ‡0(LARL_NWRL_CONSORTIUM)163221 | |
| 650 | 0. | ‡aCults ‡vFiction. ‡0(LARL_NWRL_CONSORTIUM)164393 | |
| 650 | 0. | ‡aUndercover operations ‡vFiction. ‡0(LARL_NWRL_CONSORTIUM)167785 | |
| 655 | 7. | ‡aRomantic suspense fiction. ‡2gsafd | |
| 650 | 0. | ‡aLarge type books. ‡0(LARL_NWRL_CONSORTIUM)24284 | |
| 948 | . | ‡hNO HOLDINGS IN LAL - 103 OTHER HOLDINGS | |
| 994 | . | ‡aZ0 ‡bLAL | |
| 901 | . | ‡a123075 ‡bOCLC ‡c123075 ‡tbiblio | |

Add to basket
Permalink
Enable Highlighting